LEADER 01246nam a2200253 u 4500 001 000000055568 003 CaOOAMICUS 005 20070226115811.0 008 010207s1978 it u000 u ita u 035 $a10867254 040 $aPUL(R)$bita 100 0 $aMariano da Alatri,$cO.F.M. Cap.,$d1920-$0(OLS)http://pul/name/2918 245 10$aPanorama geografico, cronologico e statistico sulla distribuzione degli Studia degli ordini mednicanti /$cMariano d'Alatri. 260 $aTodi :$bAccademia Tudertina,$c1978. 300 $aP. [49]-72 ;$c22 cm 500 $a"Estratto da: 'Atti del XVII Convegno di Studi sul tema: Le scuole degli ordini mendicanti (secoli XIII-XIV), Todi, 11-14 ottobre 1976". 504 $aBibliografia in nota. 650 4$aScuole cattoliche$zItalia.$0(OLS)http://pul/subject/2959 850 $aPUL 852 $aPUL$W1$xDP1 Fondo Maccarrone$y58$m1524 D 32$j73032$nBK-PRI$b $qFondi$B73032$CPULBib$Z2$F73032 $H $81 941 1 $a1 961 $aINV: F. Maccarrone 996 $6245$aPanorama geografico, cronologico e statistico sulla distribuzione degli Studia degli ordini mednicanti$9(OLS)http://pul/title/74372 996 $6260$aTodi :$bAccademia Tudertina$9(OLS)http://pul/publisher/52361 LEADER 01462nam a2200349 a 4500 001 000000172333 003 CaOOAMICUS 005 20190719114051.0 008 190719s2019 it u000 u ita r 020 $a978-88-6409-713-8* 032 $aLibriCat 040 $aPUL$bita 041 1 $aita$hfre 082 04$a272 100 1 $aGrimaux, Thomas.$0(OLS)http://pul/name/110621 240 13$aLe livre noir des nouvelles persécutions antichrétiennes.$bItaliano.$0(OLS)http://pul/title/213254 245 13$aIl libro nero delle nuove persecuzioni anticristiane /$cThoma Grimaux; prefazione di Cristian Nani. 250 $a2a ed. 260 $aVerona :$bFede & Cultura,$c©2019. 300 $a191 p. ;$c21 cm 490 1 $aCollana saggistica ;$v102 504 $aBibliografia in nota. 650 4$aPersecuzioni religiose$ySec. XXI.$0(OLS)http://pul/subject/46060 830 0$aCollana saggistica (Fede & Cultura) ;$v102.$0(OLS)http://pul/title/150128 850 $aPUL 852 $aPUL$W1$xSL Religione 3$y85$m272 GRITH 1$j196254$qDDC 21$B201019$CPULBib$Z2$F201019 $H133194 $82 941 1 $a9 996 $6020$a978-88-6409-713-8*$9(OLS)http://pul/number/166420 996 $6082$a272$9(OLS)http://pul/classification/346 996 $6245$aIl libro nero delle nuove persecuzioni anticristiane$9(OLS)http://pul/title/213255 996 $6260$aVerona :$bFede & Cultura$9(OLS)http://pul/publisher/79442